书目信息 |
| 题名: |
世界摄影史
|
|
| 作者: | Langford , 曾恩波 著 | |
| 分册: | ||
| 出版信息: | 北京 艺术图书公司出版 不详 |
|
| 页数: | 288页 | |
| 开本: | 20cm | |
| 丛书名: | ||
| 单 册: | ||
| 中图分类: | J430.9 | |
| 科图分类: | ||
| 主题词: | 摄影艺术--世界 , 摄影艺术--各国 | |
| 电子资源: | ||
| ISBN: | ||
| 000 | 00683nam0 2200265 45 | |
| 001 | 0186011651 | |
| 005 | 20040521092128.0 | |
| 010 | @dCNY2.50 | |
| 091 | @a8226.9 | |
| 100 | @a19900813d不详 em y0chiy0121 ea | |
| 101 | 1 | @achi@ceng |
| 102 | @aCN@b110000 | |
| 105 | @af z 000yd | |
| 106 | @ar | |
| 200 | 10 | @a世界摄影史@AShi Jie She Ying Shi@f曾恩波著@FCeng En Bo Zhu |
| 210 | @a北京@c艺术图书公司出版@d不详 | |
| 215 | @a288页@d20cm | |
| 606 | 0 | @a摄影艺术@x世界 |
| 606 | 0 | @a摄影艺术@y各国 |
| 690 | @aJ430.9 | |
| 701 | A1 | @aLangford@bM.@4著 |
| 701 | 0 | @a曾恩波@4著 |
| 801 | 0 | @aCN@b深圳图书馆@c20040521 |
| 801 | 2 | @aCN@bNLC@c20040521 |
| 905 | @f1@b68761@dJ430.9@e35 | |
| 世界摄影史/曾恩波著.-北京:艺术图书公司出版,不详 |
| 288页;20cm |
| ISBN :CNY2.50 |
| ● |
| 相关链接 |
|
|
|
|
正题名:世界摄影史
索取号:J430.9/35
 
预约/预借
| 序号 | 登录号 | 条形码 | 馆藏地/架位号 | 状态 | 备注 |
| 1 | 0068701 | 000572375 | 第一样本阅览室/ [索取号:J430.9/35] | 在馆 |